[Event "GRE-chT 50th"]
[Site "Nikaia"]
[Date "2023.08.25"]
[Round "1.4"]
[White "Mixakis, Evangelos"]
[Black "Bourhas, Orfeas"]
[Result "1/2-1/2"]
[WhiteElo "1922"]
[BlackElo "1824"]
[PlyCount "58"]
[EventDate "2023.08.25"]
[EventType "team"]
[EventRounds "9"]
[EventCountry "GRE"]
[SourceTitle "EXT 2024"]
[Source "ChessBase"]
[SourceDate "2023.10.10"]
[SourceVersion "1"]
[SourceVersionDate "2023.10.10"]
[SourceQuality "1"]
[WhiteTeam "Sath Likos Pirgos"]
[BlackTeam "Irakleiou Attikis"]
[WhiteTeamCountry "GRE"]
[BlackTeamCountry "GRE"]

1. d4 Nf6 2. c4 e6 3. Nf3 d5 4. Nc3 Be7 5. Bf4 c6 6. e3 0-0 7. c5 Nh5 8. Bxb8 Rxb8 9. Bd3 Nf6 10. 0-0 Qc7 11. Qc2 h6 12. b4 Nd7 13. Rfd1 e5 14. dxe5 Nxe5 15. Nxe5 Qxe5 16. Ne2 Bg4 17. Rab1 Rfd8 18. h3 Bxe2 19. Qxe2 b6 20. cxb6 Rxb6 21. a3 c5 22. bxc5 Bxc5 23. a4 d4 24. exd4 Qxe2 25. Bxe2 Rxd4 26. Rxd4 Bxd4 27. Kf1 Kf8 28. Bb5 Ke7 29. Ke2 Bc5 1/2-1/2

[Event "Athens Iraklion op 25th"]
[Site "Athens"]
[Date "2023.06.23"]
[Round "7"]
[White "Asvestas, Emmanouil"]
[Black "Bourhas, Orfeas"]
[Result "1-0"]
[WhiteElo "1991"]
[BlackElo "1827"]
[PlyCount "97"]
[EventDate "2023.06.17"]
[EventType "swiss"]
[EventRounds "9"]
[EventCountry "GRE"]
[SourceTitle "CBM 214 Extra"]
[Source "ChessBase"]
[SourceDate "2023.07.31"]
[SourceVersion "1"]
[SourceVersionDate "2023.07.31"]
[SourceQuality "1"]

1. e4 d6 2. d4 g6 3. Nc3 Bg7 4. Nf3 Nd7 5. Be2 c5 6. 0-0 cxd4 7. Nxd4 Ngf6 8. Be3 0-0 9. Qd2 Nc5 10. f3 Ne6 11. Rfd1 Nxd4 12. Bxd4 Be6 13. a4 Nd7 14. Bxg7 Kxg7 15. Qd4+ Kg8 16. Nd5 Bxd5 17. exd5 a6 18. a5 Qc7 19. c4 Qc5 20. Ra4 Qxd4+ 21. Rxd4 Nc5 22. Ra3 f5 23. b4 Nd7 24. f4 Rac8 25. h3 Nf6 26. g4 Rf7 27. g5 Nd7 28. Bd1 Kf8 29. h4 Ke8 30. Ba4 Kd8 31. Bxd7 Kxd7 32. Re3 Kc7 33. Re6 b6 34. axb6+ Kxb6 35. c5+ Kb5 36. c6 Rc7 37. Kf2 Rf8 38. h5 Rg8 39. h6 Ra8 40. Re1 a5 41. bxa5 Rxa5 42. Rb1+ Kc5 43. Rd2 Ra4 44. Ke3 e5 45. fxe5 Re4+ 46. Kf3 Rxe5 47. Rc1+ Kb4 48. Rb2+ Ka3 49. Rb4 1-0

[Event "Attica-ch U16"]
[Site "Peristeri"]
[Date "2012.04.22"]
[Round "7"]
[White "Lentzos, Ioanis"]
[Black "Bourhas, Orfeas"]
[Result "1/2-1/2"]
[WhiteElo "1622"]
[BlackElo "1705"]
[PlyCount "36"]
[EventDate "2012.04.17"]
[EventType "swiss"]
[EventRounds "7"]
[EventCountry "GRE"]
[SourceTitle "EXT 2024"]
[Source "ChessBase"]
[SourceDate "2023.10.10"]
[SourceVersion "1"]
[SourceVersionDate "2023.10.10"]
[SourceQuality "1"]

1. Nf3 Nf6 2. d4 d5 3. b3 Bg4 4. Nbd2 e6 5. Bb2 Bb4 6. c3 Ba5 7. b4 Bb6 8. a4 c6 9. e3 Nbd7 10. Be2 0-0 11. 0-0 Bc7 12. c4 dxc4 13. Nxc4 Nb6 14. Nfe5 Nxc4 15. Nxc4 Bxe2 16. Qxe2 Qd5 17. Rfc1 a6 18. Nd2 Rac8 1/2-1/2

[Event "Attica-ch U16"]
[Site "Peristeri"]
[Date "2012.04.20"]
[Round "5"]
[White "Rahmanidis, Petros"]
[Black "Bourhas, Orfeas"]
[Result "1-0"]
[WhiteElo "1636"]
[BlackElo "1705"]
[PlyCount "37"]
[EventDate "2012.04.17"]
[EventType "swiss"]
[EventRounds "7"]
[EventCountry "GRE"]
[SourceTitle "EXT 2024"]
[Source "ChessBase"]
[SourceDate "2023.10.10"]
[SourceVersion "1"]
[SourceVersionDate "2023.10.10"]
[SourceQuality "1"]

1. e4 c5 2. c3 Nf6 3. e5 Nd5 4. d4 cxd4 5. Nf3 Nc6 6. cxd4 e6 7. Bc4 Nb6 8. Bb3 d5 9. 0-0 Be7 10. Nc3 Bd7 11. Ne1 Bb4 12. Qg4 g6 13. Bg5 Be7 14. Bxe7 Nxe7 15. Nd3 0-0 16. Nc5 Bc6 17. Ne2 Nf5 18. Ng3 Qh4 19. Nxf5 1-0